Statistics for Top 75 players of all time NBA

Click here to take the quiz!

General Stats

  • This quiz has been taken 39 times
  • The average score is 46 of 75

Answer Stats

HintAnswer% Correct
1Michael Jordan
100%
2LeBron James
97%
4Magic Johnson
93%
11Shaquille O'Neal
93%
3Kareem Abdul-Jabbar
90%
10Kobe Bryant
90%
7Larry Bird
90%
17Dirk Nowitzki
87%
6Bill Russell
83%
12Kevin Durant
83%
16Stephen Curry
83%
8Tim Duncan
83%
5Wilt Chamberlain
83%
31Allen Iverson
80%
30Dwyane Wade
80%
13Hakeem Olajuwon
80%
19Jerry West
80%
14Julius Erving
77%
23Karl Malone
77%
15Moses Malone
77%
47Ray Allen
77%
32Scottie Pippen
77%
37Steve Nash
77%
22Charles Barkley
73%
25David Robinson
73%
18Giannis Antetokounmpo
73%
50James Harden
73%
24John Stockton
73%
21Kevin Garnett
73%
9Oscar Robertson
73%
68Russell Westbrook
73%
71Anthony Davis
70%
69Carmelo Anthony
70%
29Chris Paul
70%
43Jason Kidd
70%
33Kawhi Leonard
70%
40Patrick Ewing
70%
51Reggie Miller
70%
67Dennis Rodman
67%
27Isiah Thomas
67%
62Paul Pierce
67%
53Clyde Drexler
63%
20Elgin Baylor
63%
34Bob Cousy
60%
75Damian Lillard
57%
35Bob Pettit
53%
42Gary Payton
53%
26John Havlicek
53%
44Bill Walton
50%
60Sam Jones
50%
56James Worthy
47%
54Pete Maravich
47%
38Rick Barry
47%
48Wes Unseld
47%
57Willis Reed
47%
36Dominique Wilkins
43%
65Lenny Wilkens
43%
52George Gervin
40%
39Kevin McHale
40%
63Robert Parish
37%
41Walt Frazier
37%
61Dave Cowens
33%
58Elvin Hayes
33%
49Nate Thurmond
33%
72Billy Cunningham
30%
45Bob McAdoo
30%
70Dolph Schayes
30%
28George Mikan
30%
64Hal Greer
30%
73Dave DeBusschere
27%
66Paul Arizin
27%
55Earl Monroe
23%
46Jerry Lucas
23%
59Nate Archibald
23%
74Dave Bing
17%

Score Distribution

Percentile by Number Answered

Percent of People with Each Score

Your Score History

You have not taken this quiz